Đại Việt sử lược: Đất nước 4000 năm

Gespeichert in:
Bibliographische Detailangaben
1. Verfasser: Đại Việt sử lược: Đất nước 4000 năm
Format: Buch
Sprache:Undetermined
Veröffentlicht: Tp. HCM Trường Đại học tổng hợp Tp. HCM 1993
Schlagworte:
Tags: Tag hinzufügen
Keine Tags, Fügen Sie den ersten Tag hinzu!
Thư viện lưu trữ: Trung tâm Học liệu Trường Đại học Cần Thơ
LEADER 00679nam a2200181Ia 4500
001 CTU_10932
008 210402s9999 xx 000 0 und d
082 |a 959.703 
082 |b Đ103 
100 |a Đại Việt sử lược: Đất nước 4000 năm 
245 0 |a Đại Việt sử lược: Đất nước 4000 năm 
245 0 |c Đại Việt sử lược: Đất nước 4000 năm, Nguyễn Gia Tường 
260 |a Tp. HCM 
260 |b Trường Đại học tổng hợp Tp. HCM 
260 |c 1993 
650 |a vietnam - history 
904 |i Minh, 961013 
980 |a Trung tâm Học liệu Trường Đại học Cần Thơ